000 00691nam a2200217 i 4500
001 74338
003 ES-MaACL
005 20230906172109.0
007 t|
008 040917s1906 sp ||||1| spa d
100 1 _aGonzález Garrido, Justo.
_958667
245 1 0 _aDel Ródano al Vesubio
_b: impresiones de viaje /
_cJusto González Garrido.
260 _aValladolid :
_b[s.n.],
_c1906 (
_fImp. A. Carnicero)
300 _a114 p. ;
_c14 cm.
490 1 _aBiblioteca Hispania ;
_v6
651 4 _aEuropa-
_xGuías turísticas.
_9137139
651 0 _aEuropa-
_xDescripción.
_98594
830 1 _aBiblioteca Hispania ;
_v6
_9182087
852 _aES-MaACL
_jT-1146-F-4
999 _c74338
_d74338